Innovative Technologies and Clinical Applications for Invasive and Non-Invasive Neuromodulation: From the Workbench to the Bedside (Record no. 29856)

MARC details
000 -LEADER
fixed length control field 00702nam a2200133Ia 4500
008 - FIXED-LENGTH DATA ELEMENTS--GENERAL INFORMATION
fixed length control field 220620s9999||||xx |||||||||||||| ||und||
020 ## - INTERNATIONAL STANDARD BOOK NUMBER
International Standard Book Number 9782890000000
245 #0 - TITLE STATEMENT
Title Innovative Technologies and Clinical Applications for Invasive and Non-Invasive Neuromodulation: From the Workbench to the Bedside
546 ## - LANGUAGE NOTE
Language note English[eng]
650 ## - SUBJECT ADDED ENTRY--TOPICAL TERM
Topical term or geographic name entry element non-invasive brain stimulation||deep-brain stimulation||neurophysiology||Parkinson’s disease movement disorders
700 ## - ADDED ENTRY--PERSONAL NAME
Personal name Bologna, Matteo||Merola, Aristide||Ricciardi, Lucia
856 ## - ELECTRONIC LOCATION AND ACCESS
Uniform Resource Identifier <a href="https://www.frontiersin.org/research-topics/8481/innovative-technologies-and-clinical-applications-for-invasive-and-non-invasive-neuromodulation-from">https://www.frontiersin.org/research-topics/8481/innovative-technologies-and-clinical-applications-for-invasive-and-non-invasive-neuromodulation-from</a>
942 ## - ADDED ENTRY ELEMENTS (KOHA)
Koha item type E-Books
Holdings
Withdrawn status Lost status Damaged status Not for loan Home library Current library Date acquired Total Checkouts Date last seen Price effective from Koha item type
        Kerala University of Digital Sciences, Innovation and Technology Knowledge Centre Kerala University of Digital Sciences, Innovation and Technology Knowledge Centre 20/06/2022   20/06/2022 20/06/2022 E-Books